I maschi. La psicologia degli uomini

I tiakina i:
Ngā taipitopito rārangi puna kōrero
Kaituhi matua: De Camillis Stefano
Hōputu: Pukapuka
Reo:Undetermined
I whakaputaina: Roma EDUP 2003
Ngā Tūtohu: Tāpirihia he Tūtohu
Kāore He Tūtohu, Me noho koe te mea tuatahi ki te tūtohu i tēnei pūkete!

MARC

LEADER 00000nam a2200000Ia 4500
001 357
003 NUMERAZIONE-ORIGINALE-BRESCIA
005 20260206230752.0
008 260206s9999 xx 000 0 und d
100 |a De Camillis Stefano 
245 0 |a I maschi. La psicologia degli uomini 
260 |a Roma 
260 |b EDUP 
260 |c 2003 
500 |a I prontiintasca 
500 |a Un viaggio tra figli, padri, mariti e amanti 
942 |2 ddc  |c BK  |n 0 
952 |0 0  |1 0  |2 ddc  |4 0  |6 26  |7 0  |9 28554  |a BS  |b BS  |d 2026-02-06  |i 357  |l 0  |o 2-6-*  |r 2026-02-06 22:40:37  |w 2026-02-06  |x [REVISIONARE]  |y BK 
999 |c 24220  |d 24220